Statistics for Easy-Hard Geography #1

Click here to take the quiz!

General Stats

  • This quiz has been taken 154 times
  • The average score is 8 of 15

Answer Stats

HintAnswer% Correct
Biggest River in AfricaNile
97%
Famous European CapitalLondon
88%
Also known as Timor-LesteEast Timor
84%
Separates the North and SouthEquator
83%
Famously known for its FjordsNorway
82%
Biggest "I" USA StateIdaho
64%
Flower that resembles Neutrality for WarRose
63%
Where the Greek Gods are apparently livingOlympus
60%
1/2 Most affected Countries attacked by Somali PiratesYemen
50%
Considered to be the 2nd Most Neutral CountrySweden
44%
Capital City of Canadian Province, AlbertaEdmonton
38%
A large city in Western Kyushu, in JapanNagasaki
34%
Capital Begins with the same First Letter of CountryAlgiers
16%
Population is also the same number as amount of MethyphobsRomania
10%
The former name of JerusalemSalem
1%

Score Distribution

Percentile by Number Answered

Percent of People with Each Score

Your Score History

You have not taken this quiz